[Event "Interzonal-15"]
[Site "Manila"]
[Date "1990.??.??"]
[Round "9"]
[White "Portisch, Lajos"]
[Black "Huebner, Robert"]
[Result "0-1"]
[WhiteElo "2590"]
[BlackElo "2585"]
[Annotator "ChessBase"]
[PlyCount "106"]
[EventDate "1990.06.29"]
[EventType "swiss"]
[EventRounds "13"]
[EventCountry "PHI"]
[SourceTitle "CBM 019"]
[Source "ChessBase"]
[SourceDate "1990.12.01"]
[SourceVersion "1"]
[SourceVersionDate "1990.12.01"]
[SourceQuality "1"]

1. d4 Nf6 2. c4 e6 3. Nf3 b6 4. e3 Bb7 5. Nc3 d5 6. cxd5 exd5 7. Bb5+ c6 8. Bd3
Be7 (8... Bd6) 9. O-O O-O 10. b3 Nbd7 11. Bb2 Bd6 12. Re1 Re8 13. Qc2 Rc8 14.
Rac1 c5 15. Qe2 Ne4 16. Ba6 Bxa6 17. Qxa6 Ndf6 18. dxc5 Rxc5 19. h3 Qd7 20. Qd3
Rec8 $10 21. Ne2 Rxc1 22. Rxc1 Rxc1+ 23. Nxc1 Nc5 24. Qd1 Nfe4 25. Nd3 Nxd3 26.
Qxd3 Qf5 27. Qc2 h5 28. Nd4 Qe5 29. f4 Qe8 30. Nf5 Bf8 31. Qd1 Nd6 32. Qxd5
Nxf5 33. Qxf5 Qxe3+ 34. Kh2 Qf2 35. Be5 Qxa2 36. b4 Qc4 37. Qd7 a6 38. Qb7 Qxb4
39. Qxa6 b5 40. Qc8 Qc5 41. Qf5 Qd5 42. Qc8 b4 43. Qe8 Qc5 44. Qd7 Qb6 45. Qd5
h4 46. Qd2 b3 47. Qc3 Qb4 48. Qc1 Qc5 49. Qd1 Qb4 50. Qc1 f6 51. Bb2 Bd6 52.
Qc8+ Kh7 53. Qf5+ g6 0-1

[Event "Montreal International"]
[Site "Montreal"]
[Date "1979.04.24"]
[Round "10"]
[White "Spassky, Boris Vasilievich"]
[Black "Tal, Mihail"]
[Result "0-1"]
[WhiteElo "2640"]
[BlackElo "2615"]
[Annotator "ChessBase"]
[PlyCount "44"]
[EventDate "1979.04.11"]
[EventType "tourn"]
[EventRounds "18"]
[EventCountry "CAN"]
[EventCategory "15"]
[SourceTitle "MCL"]
[Source "ChessBase"]
[SourceDate "1999.07.01"]
[SourceVersion "1"]
[SourceVersionDate "1999.07.01"]
[SourceQuality "1"]

1. d4 Nf6 2. c4 e6 3. Nf3 b6 4. e3 Bb7 5. Bd3 d5 6. b3 Bd6 7. O-O O-O 8. Bb2
Nbd7 9. Nbd2 (9. Nc3 a6 (9... c5 10. cxd5 exd5 11. Rc1 Qe7 12. Qe2 Rad8 13.
Rfd1 Ne4 14. Ba6 Ba8 15. Bb5 Ndf6 $10 {Petrosian,T-Polugaevsky,L/URS-ch/1970/})
10. Rc1 Qe7 11. Na4 dxc4 12. bxc4 Ne4 13. Qe2 f5 $10 {Portisch,L-Nikolic,Pr/
Tunis izt/1985/}) 9... Qe7 (9... Ne4 10. Qc2 f5 11. Ne5 $14) 10. Rc1 Rad8 11.
Qc2 (11. Qe2 Ne4 $13) 11... c5 12. cxd5 (12. Rfd1 cxd4 13. exd4 Rc8) (12. Ne5
$5) 12... exd5 13. dxc5 bxc5 {/\d5-d4} 14. Qc3 Rfe8 $13 15. Rfd1 (15. Rfe1 c4
$5 16. bxc4 Bb4 17. Qc2 dxc4 18. Bxc4 Bxf3 19. gxf3 Ne5 20. Bxe5 Bxd2 $17)
15... d4 16. exd4 cxd4 17. Qa5 $6 (17. Qxd4 Nc5 $17) (17. Nxd4 $1 Qe5 (17...
Bxh2+ 18. Kxh2 Ng4+ 19. Kg3 (19. Kg1 Qh4 20. N4f3 Qxf2+ 21. Kh1 Re5 $1 22. Bf5
Ne3 $19) 19... Qe5+ 20. f4 (20. Kxg4 $2 Nf6+ 21. Kh3 Qh5+ 22. Kg3 Qg4+ 23. Kh2
Qxg2#) 20... Qe3+ 21. N4f3 Ndf6 $13 22. Bxh7+ $5) 18. N4f3 Qh5 $44) 17... Ne5
18. Nxe5 (18. Re1 Bxf3 (18... Nxd3 $5)) 18... Bxe5 19. Nc4 (19. Nf1 $5 Nd5 20.
Ng3 Nf4 21. Bf1 h5 $40) (19. Ba3 $1 Qe6 20. Nf1 $13) (19. Re1) 19... Rd5 20.
Qd2 (20. Ba3 Qe6 $1 21. Qxa7 Bxh2+ 22. Kxh2 Rh5+ 23. Kg1 Rh1+ 24. Kxh1 Qh3+ 25.
Kg1 Qxg2#) 20... Bxh2+ 21. Kxh2 Rh5+ $1 (21... Ng4+ 22. Kg3 $14) 22. Kg1 (22.
Kg3 Ne4+ 23. Bxe4 Qh4+ 24. Kf3 Qxe4+ 25. Kg3 Qh4#) 22... Ng4 (22... Ng4 23. Re1
Rh1+ 24. Kxh1 Qh4+ 25. Kg1 Qh2+ 26. Kf1 Qxg2#) 0-1

[Event "URS-chT Republics 17th final"]
[Site "Volgograd"]
[Date "1985.01.15"]
[Round "1.1"]
[White "Tal, Mihail"]
[Black "Rozentalis, Eduardas"]
[Result "1/2-1/2"]
[WhiteElo "2565"]
[BlackElo "2490"]
[Annotator "ChessBase"]
[PlyCount "80"]
[EventDate "1985.01.15"]
[EventType "team-swiss"]
[EventRounds "7"]
[EventCountry "URS"]
[SourceTitle "EXT 2005"]
[Source "ChessBase"]
[SourceDate "2004.11.15"]
[SourceVersion "1"]
[SourceVersionDate "2004.11.15"]
[SourceQuality "1"]
[WhiteTeam "Latvia"]
[BlackTeam "Lithunia"]
[WhiteTeamCountry "LAT"]
[BlackTeamCountry "LTU"]

1. Nf3 Nf6 2. c4 e6 3. d4 b6 4. e3 Bb7 5. Bd3 d5 6. O-O Be7 7. b3 O-O 8. Bb2
Nbd7 9. Nc3 c5 10. Qe2 Rc8 11. Rfd1 Qc7 12. Rac1 Rfd8 13. cxd5 exd5 14. Bf5 g6
15. Bh3 Ra8 16. Ne5 Nxe5 17. dxe5 Ne4 18. Nxe4 dxe4 19. e6 {[#]} Rxd1+ 20. Rxd1
Rd8 21. exf7+ Kxf7 22. Qc4+ Kf8 23. Rf1 Bd6 24. Qc3 Qf7 25. Be6 Qxe6 26. Qg7+
Ke8 27. Qxb7 Be7 28. Qxa7 Qc6 29. Qa6 Rd2 30. Be5 Qd5 31. Bc3 Rd3 {[#]} 32.
Qb5+ Qd7 33. Qc4 b5 34. Qg8+ Bf8 35. Qh8 b4 36. Bb2 Rd1 37. Qe5+ Be7 38. Qb8+
Bd8 39. Qe5+ Be7 40. Qh8+ Bf8 1/2-1/2

[Event "Interzonal-15"]
[Site "Manila"]
[Date "1990.??.??"]
[Round "2"]
[White "Portisch, Lajos"]
[Black "Chandler, Murray G"]
[Result "1-0"]
[WhiteElo "2590"]
[BlackElo "2560"]
[Annotator "ChessBase"]
[PlyCount "127"]
[EventDate "1990.06.29"]
[EventType "swiss"]
[EventRounds "13"]
[EventCountry "PHI"]
[SourceTitle "CBM 019"]
[Source "ChessBase"]
[SourceDate "1990.12.01"]
[SourceVersion "1"]
[SourceVersionDate "1990.12.01"]
[SourceQuality "1"]

1. d4 Nf6 2. c4 e6 3. Nf3 b6 4. e3 Bb7 5. Bd3 d5 6. O-O Bd6 7. b3 Nbd7 8. Bb2
O-O 9. Nc3 a6 10. Rc1 Ne4 11. Ne2 Qf6 (11... Qe7) 12. Ng3 Qh6 13. cxd5 Nxg3 14.
hxg3 exd5 15. g4 f6 16. g3 g6 17. Kg2 $14 Rfe8 18. Be2 Qg7 19. a4 Qe7 20. Rh1
Nf8 21. Bd3 Bc8 22. Nd2 Bb7 23. Re1 Ne6 24. Nf3 Bc8 25. Rc2 Bb7 26. Rc1 Bc8 27.
Rc2 Nf8 28. Nh2 Bb7 29. Kg1 Ne6 30. Nf3 Nf8 31. Bc3 Bc8 32. Nh2 Ne6 33. e4 Bb7
34. exd5 Bxd5 35. Bc4 Bxc4 36. bxc4 Qf7 37. Rce2 a5 38. Qb3 Ng7 39. Nf1 Rxe2
40. Rxe2 Re8 41. Rxe8+ Nxe8 42. Qb5 h6 43. c5 bxc5 44. dxc5 Bf8 45. Ne3 Qe6 46.
Bxa5 c6 47. Qd3 f5 48. Bb6 Nf6 49. gxf5 gxf5 50. Qxf5 Qxf5 51. Nxf5 Nd7 52. a5
Nb8 53. Bc7 Na6 54. Bd6 h5 55. Nd4 Bxd6 56. cxd6 Kf7 57. Nxc6 Ke6 58. Ne5 Kxd6
59. f4 Nc5 60. Kg2 Nb3 61. a6 Kc7 62. f5 Nc5 63. f6 Kb6 64. f7 1-0

[Event "Paris FIDE GP"]
[Site "Elancourt"]
[Date "2013.09.22"]
[Round "1"]
[White "Ivanchuk, Vassily"]
[Black "Dominguez Perez, Leinier"]
[Result "1/2-1/2"]
[WhiteElo "2731"]
[BlackElo "2757"]
[Annotator "ChessBase Website"]
[PlyCount "38"]
[EventDate "2013.09.22"]
[EventType "tourn"]
[EventRounds "11"]
[EventCountry "FRA"]
[EventCategory "20"]
[SourceTitle "CBM 157"]
[Source "ChessBase"]
[SourceDate "2013.11.12"]
[SourceVersion "1"]
[SourceVersionDate "2013.11.12"]
[SourceQuality "1"]
[TimeControl "40/7200:20/3600:900+30"]
[WhiteClock "2:00:00"]
[BlackClock "2:00:00"]

1. c4 {[%emt 0:00:05]} e6 {[%emt 0:01:22]} 2. Nc3 {[%emt 0:00:54]} d5 {[%emt 0:
00:25]} 3. d4 {[%emt 0:00:06]} Nf6 {[%emt 0:00:06]} 4. Nf3 {[%emt 0:00:40]}
Nbd7 {[%emt 0:00:16]} 5. e3 {[%emt 0:02:43]} Be7 {[%emt 0:08:05]} 6. b3 {
[%emt 0:02:31]} O-O {[%emt 0:00:36]} 7. Bb2 {[%emt 0:03:08]} b6 {[%emt 0:13:09]
} 8. cxd5 {[%emt 0:01:20]} exd5 {[%emt 0:02:07]} 9. Bd3 {[%emt 0:00:26]} Bb7 {
[%emt 0:00:07]} 10. O-O {[%emt 0:00:03]} Re8 {[%emt 0:07:48]} 11. Rc1 {[%emt 0:
16:30]} Bf8 {[%emt 0:09:00]} (11... a6 12. Ne2 Bd6 13. Qc2 Ne4 14. Ng3 Qf6 15.
Ne5 Nxe5 16. dxe5 Bxe5 17. Bxe5 Rxe5 18. Bxe4 dxe4 19. Qxc7 Re7 20. Qc2 g6 21.
Rfd1 Rc8 22. Qd2 Rec7 23. Ne2 a5 24. Rxc7 Rxc7 25. Rc1 Rxc1+ 26. Qxc1 Qd6 27.
h3 Ba6 28. Nd4 h5 29. Qc2 Bd3 30. Qc8+ Kh7 31. Qe8 Kg7 32. h4 Qc7 33. a4 Qc1+
34. Kh2 Qc7+ 35. Kg1 Qc1+ 36. Kh2 Qc7+ 37. g3 Qd6 38. Kg2 Qc7 39. Nc6 Qd6 40.
Nd4 Qc7 41. Nc6 {Arutinian,D (2586)-Almasi,Z (2668) Mainz 2008 1/2-1/2}) 12.
Ne2 {[%emt 0:16:06]} (12. Ne5 Nxe5 13. dxe5 Rxe5 14. Nb5 d4 $13) 12... c6 {
[%emt 0:11:29]} 13. Ng3 {[%emt 0:04:39]} Bd6 $146 {[%emt 0:25:52]} (13... g6
14. Ne5 Nxe5 15. dxe5 Nd7 16. f4 Bc5 17. Qf3 Qe7 18. Kh1 Ba3 19. Bxa3 Qxa3 20.
Qg4 Nc5 21. Bb1 Qb4 22. Nh5 a5 23. Nf6+ Kg7 24. Qh4 Rh8 25. Ng4 Nd7 26. Qh6+
Kg8 27. Bf5 {1-0 (27) Janssen,R (2469)-Van der Wiel,J (2509) Leeuwarden 2002})
14. Re1 {[%emt 0:04:17]} g6 {[%emt 0:06:20]} 15. Nd2 {[%emt 0:01:38]} Rc8 {
[%emt 0:04:45][%cal Gc6c5]} 16. Rc2 {[%emt 0:01:27]} Bf8 {[%emt 0:02:57]} 17.
Nf3 {[%emt 0:01:36]} Bd6 {[%emt 0:01:02]} 18. Nd2 {[%emt 0:03:27]} Bf8 {
[%emt 0:00:04]} 19. Nf3 {[%emt 0:00:08] Ivanchuk obtained nothing from his
Zukertort set-up and in an equal the game players basically agreed to repeat
moves and draw. This entirely circumvents the Sophia rules under which the
tournament is being played. Strong grandmasters can see when a move being
played is an offer for a repetition. It seems crazy to force the players to
play on in what they consider to be an equal position - after all you can't
demand them not to play what they consider to be the "strongest" move, however
it is obvious that this is a giant loophole in the Sophia rules} Bd6 1/2-1/2

[Event "Lippstadt 10th"]
[Site "Lippstadt"]
[Date "2000.07.14"]
[Round "9"]
[White "Chiburdanidze, Maia"]
[Black "Dautov, Rustem"]
[Result "1/2-1/2"]
[WhiteElo "2545"]
[BlackElo "2606"]
[Annotator "Dautov,R"]
[PlyCount "96"]
[EventDate "2000.07.06"]
[EventType "tourn"]
[EventRounds "11"]
[EventCountry "GER"]
[EventCategory "10"]
[SourceTitle "CBM 078"]
[Source "ChessBase"]
[SourceDate "2000.10.18"]
[SourceVersion "1"]
[SourceVersionDate "2000.10.18"]
[SourceQuality "1"]

1. d4 {Hecht} Nf6 2. c4 e6 3. Nf3 b6 4. e3 Bb7 5. Bd3 d5 6. O-O Bd6 7. b3 O-O
8. Bb2 Nbd7 9. Nc3 c5 10. cxd5 exd5 11. Qe2 $1 {Dieses Feld ist der beste
Platz für die weiße Dame. Die unangenehme Drohung, durch Ba6 die weißfeldrige
Läufer abzutauschen, zwingt Schwarz zur Schwächung des Damenflügels durch
a7-a6.} a6 (11... Qe7 12. Ba6 $1 Bc6 (12... Bxa6 13. Qxa6 $14 {><d5}) 13. Nb5
$1 (13. Bb5 Bb7 14. Rfd1 Rad8 $11) 13... Bb8 14. Rac1 $14) 12. Rfd1 (12. Bf5
Re8 13. Rfd1 b5 14. dxc5 Nxc5 15. Rac1 Qe7 16. Qe1 Rad8 17. Ne2 Nfe4 18. Nf4 g6
19. Bh3 f5 20. Nd3 Ne6 21. Bd4 Ba3 22. Rc2 Rc8 $11 {San Segundo,P-Spraggett,K/
Ponferrada 1997}) 12... Qe7 (12... b5 13. dxc5 Nxc5 14. Rac1 Re8 15. Bc2 Rc8
16. Bf5 Rc7 17. Qe1 $1 b4 18. Ne2 Nce4 19. Rxc7 Qxc7 20. Rc1 Qd8 21. Qd1 $14 {
Ivanchuk-Gelfand 1996}) (12... Ne4 13. Bxe4 $1 dxe4 14. Nd2 $1 Qe7 (14... cxd4
15. Ncxe4 $36 Bxe4 16. Nxe4 Bxh2+ 17. Kxh2 Qh4+ 18. Kg1 Qxe4 19. Rxd4 $36) 15.
Nc4 $14 {Avrukh}) 13. Rac1 ({Etwas mehr verspricht Weiß} 13. Bf5 $5 {/\} Ne4 $2
14. Nxd5 Bxd5 15. dxc5 $18) 13... Ne4 (13... Rfe8 $2 14. Bf5 $1 Rad8 (14...
cxd4 15. Nxd4 Qe5 16. g3 Nc5 17. Bh3 $16 {Avrukh,B-Mikhalevski,A/Beersheba 1997
}) 15. Rc2 $1 {Avrukh} (15. Bxd7 Nxd7 (15... Qxd7 $2 16. Na4 $18) 16. dxc5 Nxc5
$14 {Avrukh})) 14. dxc5 bxc5 $2 {Ein schlimmer Fehler. Nach wenigen Zügen wird
Schwarz in einem unangenehmen Endspiel landen. Zum ungefähren Ausgleich führte
das richtige 14...Nxc3.} (14... Nxc3 15. Bxc3 bxc5 16. Qc2 h6 $11) 15. Bxe4 $1
dxe4 16. Qd2 $1 exf3 17. Qxd6 Qg5 (17... Qxd6 $2 18. Rxd6 Nf6 19. Na4 $16) 18.
Qg3 Qxg3 19. hxg3 Rfd8 $2 {Ein Fehler kommt selten allein. Schwarz gibt die
falsche Antwort auf die häufige Frage "Mit welchem Turm?" Der Rf8 war auf den
Linien "e" und "f" sehr nützlich.} (19... Rad8 $1 20. e4 fxg2 21. Nd5 (21. Kxg2
f5 22. f3 Ne5 $132) 21... Rfe8 22. f3 f5 $1 (22... Nf8 $2 23. Rxc5 Ne6 24. Rc3
f5 25. Kxg2 fxe4 26. fxe4 Ng5 27. Rc7 Bxd5 28. Rxg7+ Kf8 29. exd5 Re2+ 30. Kf1
Rxb2 31. Rxg5 $16) 23. Nc7 (23. exf5 Nf8 $36) 23... Re7 $132) 20. e4 $16 fxg2
21. Nd5 $1 (21. Kxg2 Nf8 (21... Nb6 $2 22. Ba3 $1 c4 23. Bc5 $18) 22. Nd5 Ne6
23. f3 $16) 21... Nf8 22. Ne7+ (22. Rxc5 Rd7 (22... Ne6 23. Rcc1 Ng5 24. Rc7
$18) 23. Kxg2 Ne6 24. Rc3 Rad8 25. Rcd3 Kh8 $1 26. f3 f5 $132) 22... Kh8 23.
Nf5 Ne6 (23... Rxd1+ $2 24. Rxd1 Bxe4 25. Nxg7 Kg8 26. Nh5 $16) 24. f3 {/\Nd6}
Kg8 25. Kxg2 a5 26. Nd6 $1 (26. a4 Ba6 $132) 26... Rd7 27. Ba3 ({Maja forciert
das Spiel. Weniger konkret, aber nicht weniger stark war} 27. Nc4 $5 Rxd1 (
27... Rad8 28. Rxd7 Rxd7 29. Bc3 $16) 28. Rxd1 Ba6 (28... a4 $2 29. Nb6 $16)
29. Nd6 $1 (29. Nxa5 Be2 $14) 29... Rd8 30. Rd2 $16 {/\Bc3,><a5 , und der
weiße Springer dominiert das Brett.}) 27... Rad8 28. Nxb7 Rxd1 29. Nxd8 Rxd8
30. Rc2 $5 ({Vor schweren Verteidigungsproblemen stand Schwarz nach} 30. Bxc5
Rd2+ 31. Bf2 {Ich beabsichtigte} h5 (31... Rxa2 $2 32. Rc8+ Nf8 33. Kf1 $1 {
/\Bc5} Ra1+ 34. Ke2 Ra2+ 35. Ke1 Ra1+ 36. Kd2 Ra2+ 37. Rc2 Rxc2+ (37... Ra1 38.
Bd4 Rf1 39. Ke2 Rb1 40. Rc8 $18) (37... Ra3 38. Bc5 $1 Rxb3 39. Bd6 Rb6 40. e5
$18 {/\Rc8}) 38. Kxc2 $16 {mit einer gewinnträchtigen Stellung für Weiß.}) 32.
a4 Rb2 (32... g5 $5) 33. Rc3 g5 $16 {zu spielen}) 30... g6 31. Kf2 a4 $2 {
Ein Verlustzug. Schwarz sollte im jeden Fall seinen König ins Spiel bringen.} (
31... f5 $1 32. Ke3 (32. exf5 gxf5 33. Re2 Kf7 34. Re5 Rd2+ $132) 32... Kf7 33.
Rc4 {/\Bxc5} Rd1 34. Bxc5 Ra1 35. a4 Rb1 {mit guten Remischancen.}) 32. bxa4
Rd4 (32... Ra8 33. Rc4 $18) 33. a5 Ra4 34. Bxc5 Nxc5 35. Rxc5 Rxa2+ {Hecht: '
[#] Der weiße Turm deckt den recht weit vorgerückten Freibauern von der Seite,
was einen besseren Königseinsatz ermöglicht.  Schwarzes Gegenspiel mittels
h7-h5-h4'} 36. Ke3 Ra3+ 37. Kf4 $2 {Bisher spielte Maja technisch tadellos,
aber in der Zeitnot unterläuft ihr ein Fehler, der sie um die Früchte der
gesamten vorherigen Arbeit bringt. Der König sollte zu seinem Freibauern eilen.
} (37. Kd4 $1 h5 (37... Rxf3 38. Rc3 Rf1 39. Ra3 $18) 38. Kc4 Rxf3 39. a6 Ra3
40. Kb5 Rxg3 41. Rc8+ Kg7 42. a7 Ra3 43. a8=Q Rxa8 44. Rxa8 Kf6 45. Kc4 {
mit leichtem Gewinn.}) 37... Kg7 (37... h5 $1 $11) 38. g4 h6 $11 {Nun ist die
Stellung remislich.} 39. e5 (39. Rb5 g5+ 40. Ke5 Rxf3 41. Kd6 Ra3 42. Kc6 Ra4
43. Kb6 Rxe4 44. a6 Re6+ 45. Ka5 Re7 46. Rc5 Kg6 $11) 39... Ra4+ 40. Ke3 h5 41.
gxh5 {Hecht: 'Erlaubt dem schwarzen König die erwünschten Freiheiten. Nach 41.
g5 ergeben sich diese Gewinnchancen:'} (41. g5 $1 {Hecht} h4 42. Kf2 Ra2+ 43.
Kg1 h3 44. f4 Rg2+ (44... Kf8 45. Rc8+ Ke7 (45... Kg7 46. Ra8 Rg2+ 47. Kh1 Rf2
48. a6 Rxf4 (48... Ra2 49. a7 Kh7 50. f5 gxf5 51. g6+ $18) 49. e6 fxe6 50. Rb8
Ra4 51. Rb7+ Kf8 52. a7 $18) 46. Ra8 Ra4 47. a6 Rxf4 48. a7 Ra4 49. e6 $1 fxe6
50. Rh8 $18) (44... Ra4 45. Rc7 Rxf4 (45... Rxa5 46. e6 Ra1+ 47. Kh2 Ra3 48.
Rxf7+ Kg8 49. f5 gxf5 50. g6 Ra6 51. e7 Ra8 52. Kxh3 $18) 46. e6 {[%cal Rc7f7,
Re6e7]} Rg4+ 47. Kh2 Kf8 48. Rxf7+ Ke8 49. a6 Rxg5 50. a7 Ra5 51. Rb7 $18) 45.
Kh1 Ra2 46. Rc7 Kf8 (46... Rxa5 47. e6 Rf5 48. e7 $18) 47. Ra7 Rf2 48. a6 Rxf4
49. Rb7 Ra4 50. a7 {[%cal Rb7b8]} Kg7 51. e6 $18 {Bin ich zu optimistisch und
wo liegen die Remishaare in der Suppe? Vielleicht ist schon 41...h4 falsch und
besser durch 41...Ta2 42.Kf4 zu ersetzen?!}) 41... gxh5 42. Kf2 Kg6 43. Kg3 h4+
44. Kh3 Kf5 45. Rc7 Rxa5 46. Rxf7+ Ke6 47. Rf8 Rxe5 48. Kxh4 Rf5 1/2-1/2

[Event "Ter Apel"]
[Site "Ter Apel"]
[Date "1994.??.??"]
[Round "3"]
[White "Portisch, Lajos"]
[Black "Dautov, Rustem"]
[Result "1/2-1/2"]
[WhiteElo "2605"]
[BlackElo "2625"]
[Annotator "Dautov,R"]
[PlyCount "82"]
[EventDate "1994.03.??"]
[EventType "tourn"]
[EventRounds "5"]
[EventCountry "NED"]
[EventCategory "15"]
[SourceTitle "CBM 040"]
[Source "ChessBase"]
[SourceDate "1994.06.01"]
[SourceVersion "1"]
[SourceVersionDate "1994.06.01"]
[SourceQuality "1"]

1. d4 Nf6 2. c4 e6 3. Nf3 b6 4. e3 Bb7 5. Bd3 d5 6. b3 Nbd7 7. O-O Bd6 8. Bb2
O-O 9. Nc3 a6 10. Rc1 Qe7 11. Na4 dxc4 12. bxc4 Ne4 (12... Ba3 13. Bxa3 Qxa3
14. Nc3 Qd6 15. e4 e5 16. Nd5 exd4 17. Nxd4 Nc5 18. Re1 Rfe8 19. Nf5 Qd8 $14 {
Remis/Portisch-Stohl/Budapest zt-B/1993}) (12... e5 $6 13. c5 bxc5 14. dxe5
Nxe5 15. Nxe5 Bxe5 16. Bxe5 Qxe5 17. Nxc5 $14) (12... c5 $5) 13. c5 $1 {N} (13.
Qe2 f5 14. Rfd1 (14. Nc3 Rf6 $132 {/\Rh6}) 14... Ng5 $1 15. Nxg5 Qxg5 16. f4
Qe7 $10 {Remis/Polgar-Dautov/Brno/1991}) 13... bxc5 14. Ne5 $1 Rfd8 (14... cxd4
15. Bxe4 Bxe4 16. Nxd7 Qxd7 17. Qxd4 f5 18. Nc5 Qe7 19. Nxe4 fxe4 20. Qxe4 $16)
(14... Bxe5 15. dxe5 Qg5 16. f4 Qg6 17. Nxc5 Ndxc5 18. Rxc5 $16) (14... Nb6 15.
Bxe4 Bxe4 16. Nxc5 Bxc5 17. Rxc5 $16) (14... f5 $2 15. Bxe4 Bxe4 16. Nxd7 Qxd7
17. dxc5 $16) 15. Nxd7 (15. f3 $6 Nef6 16. Nxd7 Nxd7 17. dxc5 Nxc5 18. Nxc5
Bxc5 19. Bxh7+ Kh8 $1 20. Qe2 Qg5 $15) 15... Rxd7 16. dxc5 (16. Bxe4 Bxe4 17.
Nxc5 Bxc5 18. Rxc5 Qxc5 19. dxc5 Rxd1 20. Rxd1 f6 $10) 16... Nxc5 (16... Bxh2+
$6 17. Kxh2 Bc6 (17... Rad8 18. Qb3 Qh4+ 19. Kg1 Rd5 (19... Rxd3 20. Qxb7 Rd2
21. Rc4 $18) 20. Be2 $18) 18. Qc2 (18. Rc4 Rad8 19. Rd4 e5 20. Rxd7 Rxd7 $13)
18... Bxa4 19. Qxa4 Qh4+ 20. Kg1 Rxd3 21. Rc4 f5 22. Qc6 (22. f3 $2 Rd2) 22...
Rf8 23. Qxe6+ Kh8 $16) 17. Nxc5 Bxc5 18. Bxh7+ Kxh7 19. Qh5+ Kg8 20. Qxc5 (20.
Rxc5 f6 (20... Rd5 $5 21. Rxd5 Bxd5 (21... exd5 $2 22. Rc1 c5 23. Qg4 f6 24.
Ba3 $16) 22. e4 Bc4 $1 (22... Bxe4 23. Bxg7 Kxg7 24. Qe5+ $16 {עg7}) (22...
Bxa2 $2 23. Qa5 Bc4 24. Qc3 Qf6 25. Qc1 $1 $18) 23. Rc1 Rb8 $132) 21. Rfc1 Rad8
22. h3 Rd1+ 23. Rxd1 Rxd1+ 24. Qxd1 Qxc5 $10) 20... Qxc5 21. Rxc5 f6 (21...
Rad8 22. Bc3) (21... Bd5 22. a4 Rb8 23. Bc3 Bb3 (23... f6 $142) 24. Rg5 f5 25.
Rb1 $14 {><g7}) 22. f3 Rb8 23. Bc3 Bd5 24. a4 $1 Bb3 25. Rb1 Rb7 $1 {/\Rd5,/
\Rd1} (25... Rd1+ $2 26. Rxd1 Bxd1 27. a5 $16 {/\Rc7,/\Rc6}) 26. e4 (26. Kf2
Rd5 27. Rc6 Bxa4 $10) 26... Rd1+ 27. Rxd1 Bxd1 28. a5 Be2 $2 (28... Ba4 $1 {
Portisch} 29. g4 Rb1+ 30. Kf2 c6 31. h4 Rc1 $10) 29. Kf2 Bb5 30. g4 c6 31. g5
Kf7 $2 (31... fxg5 32. Rxg5 Kh7 33. h4 g6 $14) 32. h4 Rd7 (32... e5 33. gxf6
gxf6 34. f4 exf4 35. Rf5 $16) 33. h5 {/\h6} fxg5 34. Rxg5 Kf8 $16 35. Kg3 (35.
Rg6 $1 Bc4 36. Be5 Rf7 (36... c5 37. Kg3 Bb3 38. f4 Ba2 39. Kh4 Bc4 40. Kg5 Bb3
41. f5 exf5 42. exf5 Bc4 43. Rc6 $16) 37. Ke3 {/\Kd4-c5} Rd7 38. Bd4 Bb3 39. f4
Bc4 (39... Rf7 40. Kd2 Rxf4 41. Bxg7+ Kf7 42. Bc3 $16) 40. Rg5 Rb7 41. Rc5 Bb5
42. f5 exf5 43. Rxf5+ Rf7 44. Rg5 $16 {/\Rg6,e5-e6}) 35... Rf7 36. Bd4 Be2 37.
f4 Rd7 38. Bc5+ $6 (38. Be5 $16) 38... Kg8 $1 39. Kf2 Bc4 40. h6 $6 (40. Bb4
Kh7 41. Bc3 Kh6 $14 {/\Kh7-h6}) 40... Kh7 41. hxg7 Rxg7 (41... Rxg7 42. Rh5+
Kg8 $10 {/\Rh7}) 1/2-1/2

[Event "FIDE-Wch k.o."]
[Site "Tripoli"]
[Date "2004.06.20"]
[Round "1.3"]
[White "Mamedyarov, Shakhriyar"]
[Black "Neverov, Valeriy"]
[Result "1-0"]
[WhiteElo "2657"]
[BlackElo "2537"]
[Annotator "Dautov,R"]
[PlyCount "81"]
[EventDate "2004.06.19"]
[EventType "k.o."]
[EventRounds "7"]
[EventCountry "LBY"]
[SourceTitle "CBM 102"]
[Source "ChessBase"]
[SourceDate "2004.09.23"]
[SourceVersion "1"]
[SourceVersionDate "2004.09.23"]
[SourceQuality "1"]

1. c4 e6 2. Nf3 d5 3. e3 Nf6 4. d4 Be7 {Als eine gute Antwort auf den
anspruchslosen weißen Aufbau gilt 4...c5.} (4... c5 5. Nc3 Nc6) 5. Nc3 O-O 6.
Qc2 b6 7. cxd5 (7. b3 Bb7 8. Bb2 Nbd7 $11) 7... exd5 8. Bd3 c5 9. Ne5 Bb7 10.
O-O Nc6 $11 {Schwarz hat mühelos ausgeglichen.} 11. Nxc6 Bxc6 12. dxc5 bxc5 13.
b3 Bd6 14. h3 Re8 15. Bb5 $6 (15. Bb2 $11) 15... Rc8 {Noch energischer war 15..
.Bxb5 16.Nxb5 Be5.} (15... Bxb5 16. Nxb5 Be5 17. Bb2 Bxb2 18. Qxb2 a6 19. Nc3
d4 20. Na4 dxe3 21. fxe3 Qe7 $15) 16. Bxc6 Rxc6 17. Ne2 Be5 18. Bb2 Bxb2 19.
Qxb2 Qb6 $2 {Die Dame zieht in die falsche Richtung! Bei einem schwarzen Turm
auf der 6. Reihe bot sich die Aktivität auf dem Königsflügel an -20...Ne4
nebst Rc6-g6.} (19... Ne4 $1 20. Nc3 (20. Rad1 Qg5 $36) 20... Qg5 21. Nxe4 Rxe4
22. Rac1 Rg6 23. g3 h5 24. Rxc5 h4 $40) 20. Rfd1 h6 $11 {Es entstand eine
ausgeglichene Stellung mit hängenden Bauern.} 21. Rac1 Rd8 ({In Frage kam} 
21... c4 {, und der aktive Freibauer kompensiert die Schwächung des Punktes d4.
} 22. Nd4 (22. Nf4 Rc5 $11) 22... Rc7 $11) 22. Qa3 a5 23. Qa4 Rcd6 24. Qa3 Rc6
25. Rc2 Qb4 $2 {Der erste ernsthafte Fehler von Neverov. Das von ihm
angestrebte Endspiel ist in der gegebenen Version unangenehm für Schwarz.
Stattdessen war ruhiges Abwarten angezeigt.} (25... Rc7 26. Rdc1 (26. Nc3 Qb4
$11) 26... Rdc8 $11) (25... Ne4 26. Nf4 Nf6 $11) 26. Qxb4 axb4 27. Rdc1 Ra8 (
27... Rdc8 28. Nd4 R6c7 $2 29. Nb5 $16) (27... Nd7 28. Nf4 Rd6 29. Rd1 $14) ({
Am genauesten war} 27... Ra6 $1 28. Rxc5 Rxa2 29. R5c2 (29. Nd4 Ne4 $132) 29...
Rda8 30. f3 $14) 28. Nd4 Rca6 29. Rxc5 Rxa2 30. Rc8+ Kh7 (30... Rxc8 31. Rxc8+
Kh7 32. f3 $14) 31. Rxa8 Rxa8 32. Rc7 Ra1+ 33. Kh2 Kg8 34. Rb7 Rf1 $2 {
Vermutlich in Zeitnot gespielt. Es war höchste Zeit, mit 34...Ne4! den
Springer zu aktivieren.} (34... Ne4 $1 35. f3 Nd2 36. Kg3 Ra2 37. Kf4 Nf1 38.
Nf5 Rxg2 39. Rxb4 $14) 35. f3 Re1 36. Nf5 $16 {Nun verliert Schwarz einen
Bauern, und es bleibt nicht dabei.} Kh7 $2 (36... h5 37. Kg3 Re2 $16) 37. g4
Rb1 38. Rxb4 g6 39. Nd6 $18 Nd7 40. Rb7 Ne5 41. f4 1-0